000 00378nam a2200157Ia 4500
008 230524s9999 xx 000 0 und d
082 _a621.3821
_bKOU
100 _aA.Koutsoyiannis
245 0 _aModern Micro Economics
250 _a2ND
260 _aNEW DELHI
_bMacmillon
_c1979
300 _aXVII;581
500 _aQuantity Number: 5
650 _aEconomics
942 _cBK
999 _c17558
_d17558